000
00289pam a2200133 a 4500
020
_c
041
_a
eng
082
_b
AUS
100
_a
Austen J.
245
_a
Pride & Prejudice
_h
Textual Documents
260
_a
New Delhi
_b
Macmillan India Ltd
_c
1991
300
_a
374p.
930
_a
17129
999
_c
94029
_d
94029